[Event "Texas Amateur-ch"]
[Site "Dallas"]
[Date "2003.05.25"]
[Round "5"]
[White "Maier, Bill"]
[Black "Chin, Ming T"]
[Result "1/2-1/2"]
[WhiteElo "1887"]
[BlackElo "1717"]
[PlyCount "44"]
[EventDate "2003.05.23"]
[EventType "swiss"]
[EventRounds "7"]
[EventCountry "USA"]
[SourceTitle "EXT 2005"]
[Source "ChessBase"]
[SourceDate "2004.11.15"]
[SourceVersion "1"]
[SourceVersionDate "2004.11.15"]
[SourceQuality "1"]

1. d4 d5 2. Nf3 Nf6 3. c4 e6 4. Nc3 c6 5. e3 Nbd7 6. Bd3 dxc4 7. Bxc4 b5 8. Bd3 Bb7 9. 0-0 a6 10. e4 c5 11. e5 cxd4 12. Nxb5 axb5 13. exf6 Qb6 14. Qe2 Bc6 15. Ne5 Nxe5 16. Qxe5 gxf6 17. Qxf6 Rg8 18. g3 Rd8 19. Bh6 Be7 20. Qf4 Bd6 21. Qf6 Be7 22. Qf4 Bd6 1/2-1/2

[Event "Thompson Memorial op U2000"]
[Site "Dallas"]
[Date "2001.09.15"]
[Round "2"]
[White "Jennings, Michael"]
[Black "Chin, Ming T"]
[Result "1-0"]
[WhiteElo "1738"]
[BlackElo "1803"]
[PlyCount "59"]
[EventDate "2001.09.14"]
[EventType "swiss"]
[EventRounds "5"]
[EventCountry "USA"]
[SourceTitle "EXT 2005"]
[Source "ChessBase"]
[SourceDate "2004.11.15"]
[SourceVersion "1"]
[SourceVersionDate "2004.11.15"]
[SourceQuality "1"]

1. e4 e6 2. d3 d5 3. Nd2 Nf6 4. Ngf3 c5 5. g3 Nc6 6. Bg2 Be7 7. 0-0 0-0 8. e5 Nd7 9. Re1 Qb6 10. Nf1 Nd4 11. h4 Nxf3+ 12. Qxf3 f6 13. exf6 Nxf6 14. Qe2 c4 15. dxc4 Ng4 16. Be3 Nxe3 17. Nxe3 Bc5 18. cxd5 exd5 19. Bxd5+ Kh8 20. c3 Bd7 21. b4 Bxe3 22. Qxe3 Qf6 23. Qd4 Qf5 24. Re7 Rf6 25. Be4 Qg4 26. Rxd7 Raf8 27. Rf1 Qe6 28. Rd8 Qxa2 29. Rxf8+ Rxf8 30. Qc5 1-0

[Event "Dallas Amateur op"]
[Site "Dallas"]
[Date "2000.10.29"]
[Round "4"]
[White "Phillips, David William"]
[Black "Chin, Ming T"]
[Result "1-0"]
[WhiteElo "1935"]
[BlackElo "1774"]
[PlyCount "81"]
[EventDate "2000.10.28"]
[EventType "swiss"]
[EventRounds "5"]
[EventCountry "USA"]
[SourceTitle "EXT 2002"]
[Source "ChessBase"]
[SourceDate "2001.11.25"]
[SourceVersion "1"]
[SourceVersionDate "2001.11.25"]
[SourceQuality "1"]

1. e4 c6 2. d4 d5 3. exd5 cxd5 4. Bd3 Nf6 5. c3 g6 6. Bf4 Bg7 7. Nf3 0-0 8. 0-0 Nc6 9. Re1 Bg4 10. Nbd2 Qd7 11. h3 Bf5 12. Nf1 Bxd3 13. Qxd3 Ne4 14. Ng3 Nd6 15. Re2 e6 16. Rae1 a6 17. Ne5 Nxe5 18. Bxe5 Rfc8 19. Bxg7 Kxg7 20. Qe3 Qd8 21. Qf4 Ne8 22. Re3 Rc7 23. Rf3 Rac8 24. Rxe6 Qd7 25. Re1 Rc6 26. Rfe3 Re6 27. Rxe6 fxe6 28. Qe5+ Kf7 29. Re3 Ng7 30. Rf3+ Kg8 31. Qf6 Qe8 32. Ne2 Qf8 33. Qe5 Qe7 34. Re3 Qc7 35. Qxc7 Rxc7 36. Nf4 Kf7 37. Nd3 Ke7 38. Ne5 Rc8 39. Rf3 Rf8 40. Rxf8 Kxf8 41. Nd7+ 1-0

[Event "Dallas Amateur op"]
[Site "Dallas"]
[Date "2000.10.28"]
[Round "3"]
[White "Irby, T Samuel"]
[Black "Chin, Ming T"]
[Result "0-1"]
[WhiteElo "1784"]
[BlackElo "1774"]
[PlyCount "66"]
[EventDate "2000.10.28"]
[EventType "swiss"]
[EventRounds "5"]
[EventCountry "USA"]
[SourceTitle "EXT 2002"]
[Source "ChessBase"]
[SourceDate "2001.11.25"]
[SourceVersion "1"]
[SourceVersionDate "2001.11.25"]
[SourceQuality "1"]

1. e4 c6 2. Nf3 d5 3. Nc3 Bg4 4. Be2 Bxf3 5. Bxf3 d4 6. Na4 e5 7. b3 Nf6 8. 0-0 Be7 9. c3 b5 10. Nb2 c5 11. cxd4 cxd4 12. Qe2 Qb6 13. Nd3 Nc6 14. Bb2 0-0 15. Rac1 Rfc8 16. Rc2 Nb4 17. Nxb4 Bxb4 18. Rfc1 Rxc2 19. Rxc2 Nd7 20. a3 Be7 21. b4 a5 22. Bg4 Nf6 23. bxa5 Qxa5 24. Rc8+ Rxc8 25. Bxc8 Bxa3 26. Bxa3 Qxa3 27. f4 Qc1+ 28. Kf2 Qxc8 29. fxe5 Ng4+ 30. Kg3 Nxe5 31. Qxb5 Qg4+ 32. Kf2 Qf4+ 33. Kg1 g6 0-1